| 000 | 01056cad a22002295a 4500 | ||
|---|---|---|---|
| 001 | E147386 | ||
| 008 | 090507s2009 xxkd f s 000 0 eng d | ||
| 035 | _a(Sirsi) u147386 | ||
| 041 | 0 | _aeng | |
| 050 | 0 | 4 | _a306.3 $2 18 |
| 100 | 1 | _aWilcox, Steve | |
| 245 | 0 | 0 |
_aUK housing review _b2008/2009 _h[electronic resource] |
| 250 | _a17th ed. | ||
| 260 |
_aCoventry _bCIH _c2009 |
||
| 520 | _aOnline version of this annual report which provides much of the information available in the print version, excluding the articles by leading analysts. Provides key information on the UK housing market, statistics and a range of useful tables. Topics covered include economic trends, house prices, public expenditure plans and rents and revenue spending. Also provides expert commentary on recent policy developments. | ||
| 521 | _aAdvanced | ||
| 590 | _aKA | ||
| 651 | 4 |
_aUnited Kingdom _y |
|
| 690 |
_aResidential property _96266 |
||
| 856 | 4 | 0 |
_uhttps://www.ukhousingreview.org.uk/ _zView the item free of charge at www.ukhousingreview.org.uk... |
| 942 | _n0 | ||
| 999 |
_c109532 _d109532 |
||